| 000 | 00939nam a22002177a 4500 | ||
|---|---|---|---|
| 999 |
_c4281 _d4281 |
||
| 003 | AR-CdUCM | ||
| 008 | 190308b ||||| |||| 00| 0 spa d | ||
| 040 |
_aMUNICIPALIDAD PROVINCIAL DEL CUSCO _cBIBLIOTECA MUNICIPAL DEL CUSCO |
||
| 082 |
_a792.09 / _bAM54 |
||
| 100 |
_aAmico, Silvio d´ _913530 |
||
| 245 | _aHistoria del teatro dramático / | ||
| 260 |
_aMéxico : _bUTEHA, _c1961. |
||
| 300 |
_aVII, 235 páginas ; _c16.5 cm. |
||
| 505 | _aContenido : Tomo III: Nacimiento del romanticismo en Alemania -- Goethe -- El teatro francés de la revolución y del primer imperio -- El teatro romántico inglés -- El teatro en Italia a principios del siglo XIX -- El teatro romántico francés ... | ||
| 650 |
_aArte Dramático - Historia y crítica _913531 |
||
| 650 |
_aTeatro - Historia _913532 |
||
| 650 |
_aTeatro - Romanticismo _913533 |
||
| 650 |
_aTeatro - Europa - Evolución _913534 |
||
| 942 |
_2ddc _cLIBROS |
||
| 945 | _alccs | ||